Welcome to CU Library Online Public Access Catalogue (OPAC)

Pfenninger and Fowler's procedures for primary care / (Record no. 3244)

MARC details
000 -LEADER
fixed length control field 00917cam a22002774a 4500
001 - CONTROL NUMBER
control field 13240991
005 - DATE AND TIME OF LATEST TRANSACTION
control field 20250129205328.0
008 - FIXED-LENGTH DATA ELEMENTS--GENERAL INFORMATION
fixed length control field 030617s2003 moua b 001 0 eng
020 ## - INTERNATIONAL STANDARD BOOK NUMBER
International Standard Book Number 0323005063
020 ## - INTERNATIONAL STANDARD BOOK NUMBER
International Standard Book Number 9780323005067
050 00 - LIBRARY OF CONGRESS CALL NUMBER
Classification number RC48
Item number .P76 2003
082 00 - DEWEY DECIMAL CLASSIFICATION NUMBER
Classification number 616
Edition information 21
245 00 - TITLE STATEMENT
Title Pfenninger and Fowler's procedures for primary care /
Statement of responsibility, etc. edited by John L. Pfenninger, Grant C. Fowler.
250 ## - EDITION STATEMENT
Edition statement 2nd ed.
260 ## - PUBLICATION, DISTRIBUTION, ETC.
Place of publication, distribution, etc. St. Louis, MO :
Name of publisher, distributor, etc. Mosby,
Date of publication, distribution, etc. c2003.
300 ## - PHYSICAL DESCRIPTION
Extent xxxi, 2080 p. :
Other physical details ill. ;
Dimensions 29 cm.
500 ## - GENERAL NOTE
General note Rev. ed. of: Procedures for primary care physicians. c1994.
650 #0 - SUBJECT ADDED ENTRY--TOPICAL TERM
Topical term or geographic name entry element Primary care (Medicine)
650 #0 - SUBJECT ADDED ENTRY--TOPICAL TERM
Topical term or geographic name entry element Surgery, Minor.
650 12 - SUBJECT ADDED ENTRY--TOPICAL TERM
Topical term or geographic name entry element Primary Health Care
General subdivision methods.
650 22 - SUBJECT ADDED ENTRY--TOPICAL TERM
Topical term or geographic name entry element Diagnostic Techniques and Procedures.
650 22 - SUBJECT ADDED ENTRY--TOPICAL TERM
Topical term or geographic name entry element Surgical Procedures, Operative
General subdivision methods.
700 1# - ADDED ENTRY--PERSONAL NAME
Personal name Pfenninger, John L.
700 1# - ADDED ENTRY--PERSONAL NAME
Personal name Fowler, Grant C.
942 ## - ADDED ENTRY ELEMENTS (KOHA)
Source of classification or shelving scheme Library of Congress Classification
Koha item type Books
Edition 2nd ed.
Suppress in OPAC No
999 ## -
-- 3244
-- 3244
Holdings
Withdrawn status Lost status Source of classification or shelving scheme Damaged status Not for loan Collection Home library Current library Shelving location Date acquired Total checkouts Full call number Barcode Date last seen Copy number Price effective from Koha item type
    Library of Congress Classification     Non-fiction Science Library (Miotso) Science Library (Miotso) General stacks 01/29/2025   RC48 .P76 PRO SLM00002628 01/29/2025 1 01/29/2025 Books
© 2023-2024 Copyright: Central University Libraries. All Rights Reserved | Created by: Mahone Tech Office